000 00687nam a2200229 a 4500
001 0044466
003 DO-SdBNP
005 20180313141937.0
007 0044466
008 140702s2014 dr ac 000 0 spa d
020 _a9789945472387
040 _aBPMSU
_bspa
_cBPMSU
082 _a378.53
_bS276f 2do. 2014
100 1 _a Sbriz, Luciano
245 1 0 _aFísica II :
_bprácticas de laboratorio /
_c Luciano Sbriz.
260 _aSanto Domingo :
_b INTEC,
_c 2014
300 _a103 p. :
_bil. ;
_c28 cm.
710 _4Instituto Tenológico de Santo Domingo
942 _2ddc
_cBK
945 _aRemanejado para la BNPHU / 2018 BT
956 _aVMATEO
_b10
_c20160511
_lBPMSU
_h0069
999 _c10080
_d10080